[Event "FIDE World Bl Team Pool B"]
[Site "Almaty KAZ"]
[Date "2024.08.05"]
[Round "2.22"]
[White "Ivlev, Andrey"]
[Black "Pranav, V"]
[Result "0-1"]
[BlackTitle "GM"]
[WhiteElo "1578"]
[BlackElo "2598"]
[WhiteTeam "Chessacademy_pvl"]
[BlackTeam "Team MGD1"]
[WhiteFideId "13747991"]
[BlackFideId "25060783"]
[EventDate "2024.08.05"]

1. e4 e5 2. Nf3 Nc6 3. Bb5 a6 4. Ba4 Nge7 5. O-O Ng6 6. c3 d5 7. exd5 Qxd5 8. d4
Bg4 9. dxe5 Bxf3 10. Qxf3 Qxf3 11. gxf3 Nxe5 12. f4 Nd3 13. Rd1 O-O-O 14. Bc2
Nxc1 15. Rxc1 Bd6 16. f5 Rhe8 17. Bb3 Re7 18. a4 Bc5 19. Na3 Rd2 20. Rf1 Rxb2
21. Bc2 Bxa3 22. Rxa3 Rxc2 23. Rb3 Ne5 24. h4 Nf3+ 25. Kg2 Nxh4+ 26. Kg3 Nxf5+
27. Kg4 g6 28. Kf3 Rd2 29. Kg2 Ne3+ 30. Kg1 Nxf1 31. Kxf1 Ree2 32. Rxb7 Rxf2+
33. Kg1 Kxb7 34. a5 Ra2 35. c4 Rfb2 36. Kf1 Rb1# 0-1

[Event "FIDE World Bl Team Pool B"]
[Site "Almaty KAZ"]
[Date "2024.08.05"]
[Round "3.22"]
[White "Akhmedya, Madyar"]
[Black "Derksen, Vadim"]
[Result "1-0"]
[WhiteElo "1786"]
[BlackElo "1735"]
[WhiteTeam "Chess Mates"]
[BlackTeam "Chessacademy_pvl"]
[WhiteFideId "13739727"]
[BlackFideId "13737244"]
[EventDate "2024.08.05"]

1. e4 c5 2. Nf3 Nc6 3. d4 cxd4 4. Nxd4 Nf6 5. Nc3 e5 6. Ndb5 d6 7. Bg5 a6 8. Na3
b5 9. Nd5 Be7 10. Bxf6 Bxf6 11. c3 Bg5 12. Be2 O-O 13. O-O Rb8 14. Nc2 Be6 15.
Nce3 Bxe3 16. Nxe3 Ne7 17. Bf3 Qc7 18. Qd3 Rfd8 19. Rad1 Bxa2 20. Ra1 Bc4 21.
Nxc4 bxc4 22. Qd2 a5 23. Rfd1 Qc5 24. Ra4 Qb5 25. Rda1 Qxb2 26. Qxb2 Rxb2 27.
Rxa5 Rdb8 28. h4 g6 29. Ra7 R2b7 30. R7a6 Rb6 31. R6a4 Rc8 32. Ra7 Nc6 33. Rd7 1-0

[Event "FIDE World Bl Team Pool B"]
[Site "Almaty KAZ"]
[Date "2024.08.05"]
[Round "4.2"]
[White "Artemiev, Vladislav"]
[Black "Ten, Viktor"]
[Result "1-0"]
[WhiteTitle "GM"]
[WhiteElo "2699"]
[BlackElo "2236"]
[WhiteTeam "Al-Ain ACMG UAE"]
[BlackTeam "Chess Mates"]
[WhiteFideId "24101605"]
[BlackFideId "13700820"]
[EventDate "2024.08.05"]

1. e4 e6 2. d4 d5 3. Nc3 Bb4 4. exd5 exd5 5. Bd3 Nc6 6. a3 Bxc3+ 7. bxc3 Qf6 8.
Qh5 Nge7 9. Ne2 Bf5 10. Nf4 Bxd3 11. cxd3 O-O 12. O-O Rad8 13. Re1 Qf5 14. Qe2
Ng6 15. Nh5 h6 16. Ng3 Qd7 17. Qh5 Rfe8 18. Bxh6 Rxe1+ 19. Rxe1 gxh6 20. Qxh6
Re8 1-0

[Event "FIDE World Bl Team Pool B"]
[Site "Almaty KAZ"]
[Date "2024.08.05"]
[Round "5.13"]
[White "Yermekov, Kairat"]
[Black "Ten, Viktor"]
[Result "0-1"]
[WhiteElo "2076"]
[BlackElo "2236"]
[WhiteTeam "VKO Team"]
[BlackTeam "Chess Mates"]
[WhiteFideId "13702203"]
[BlackFideId "13700820"]
[EventDate "2024.08.05"]

1. e4 e6 2. d4 d5 3. exd5 exd5 4. Nc3 Bb4 5. Ne2 Bg4 6. f3 Bf5 7. Bf4 Ne7 8. Qd2
Nbc6 9. g4 Bg6 10. h4 h5 11. g5 Qd7 12. a3 Bxc3 13. Nxc3 O-O 14. O-O-O a6 15.
Re1 b5 16. Na2 Rfe8 17. Bh3 Bf5 18. Bg2 Ng6 19. Be3 Nd8 20. Nb4 c6 21. Nd3 Bxd3
22. Qxd3 Ne6 23. Bh3 Qd6 24. Qd2 Nef4 25. Bf5 a5 26. Ref1 a4 27. Bxg6 Nxg6 28.
f4 Re4 29. f5 Nf8 30. Bf4 Qd7 31. Be5 Re8 32. Qd1 Rg4 33. Rhg1 Rxg1 0-1

[Event "FIDE World Bl Team Pool B"]
[Site "Almaty KAZ"]
[Date "2024.08.05"]
[Round "5.17"]
[White "Niyazbek, Nurtileu"]
[Black "Muratova, Anel"]
[Result "0-1"]
[WhiteElo "1578"]
[BlackElo "1892"]
[WhiteTeam "VKO Team"]
[BlackTeam "Chess Mates"]
[WhiteFideId "13765337"]
[BlackFideId "13707205"]
[EventDate "2024.08.05"]

1. e4 c5 2. Nf3 d6 3. d4 cxd4 4. Nxd4 Nf6 5. Nc3 g6 6. Be2 Bg7 7. f3 O-O 8. Be3
Nc6 9. Qd2 d5 10. O-O-O dxe4 11. fxe4 Ng4 12. Bxg4 Bxg4 13. Nxc6 bxc6 14. Qxd8
Rfxd8 15. Rxd8+ Rxd8 16. h3 Be6 17. Rd1 Ra8 18. Bd4 Bh6+ 19. Kb1 a5 20. Na4 f6
21. Bc5 Kf7 22. Nb6 Rb8 23. Nd7 Rb7 24. Nb6 Bf4 25. Na4 Be5 26. Bd4 Bd6 27. Nc5
Rb4 28. Nxe6 Kxe6 29. c3 Rb5 30. Kc2 Rg5 31. g4 h5 32. Be3 Re5 33. Bf4 Rxe4 34.
Bxd6 exd6 35. gxh5 gxh5 36. Rd4 Re2+ 37. Rd2 Re3 38. Rd3 Re2+ 39. Rd2 Rxd2+ 40.
Kxd2 Ke5 41. Ke3 h4 42. b3 f5 43. a4 c5 44. Kf3 d5 45. Ke3 f4+ 46. Kf3 Kf5 47.
Kf2 Ke4 48. Ke2 f3+ 49. Kf2 Kf4 50. b4 cxb4 51. cxb4 axb4 52. a5 b3 53. a6 b2
54. a7 b1=Q 55. a8=Q Qc2+ 56. Kf1 Qe2+ 57. Kg1 Qg2# 0-1

[Event "FIDE World Bl Team Pool B"]
[Site "Almaty KAZ"]
[Date "2024.08.05"]
[Round "5.18"]
[White "Muratova, Saltanat"]
[Black "Serikov, Merey"]
[Result "1-0"]
[WhiteElo "1845"]
[BlackElo "1616"]
[WhiteTeam "Chess Mates"]
[BlackTeam "VKO Team"]
[WhiteFideId "13705776"]
[BlackFideId "13734067"]
[EventDate "2024.08.05"]

1. e4 c5 2. Nc3 Nc6 3. f4 e6 4. Bc4 Nge7 5. d3 d5 6. Bb3 dxe4 7. Nxe4 Nd5 8. Nf3
g6 9. O-O b6 10. f5 Bg7 11. f6 Nxf6 12. Qe1 Nxe4 13. Qxe4 Qc7 14. Ba4 Bd7 15.
Ng5 O-O 16. Qh4 h6 17. Ne4 Qe5 18. Bxh6 Qd4+ 19. Kh1 Ne5 20. Nf6+ Bxf6 21. Qxf6
Nc6 22. Bxf8 Qxf6 23. Rxf6 Kxf8 24. Raf1 Be8 25. Rxe6 Nd4 26. Rxe8+ Rxe8 27.
Bxe8 Kxe8 28. c3 Nf5 29. g4 Ne3 30. Re1 Kd7 31. Rxe3 Kd6 32. Kg2 Kd5 33. Kf3 a5
34. Kf4 Kd6 35. Kg5 1-0

[Event "FIDE World Bl Team Pool B"]
[Site "Almaty KAZ"]
[Date "2024.08.05"]
[Round "5.23"]
[White "Wafa, Shrook"]
[Black "Dronavalli, Harika"]
[Result "0-1"]
[WhiteTitle "WGM"]
[BlackTitle "GM"]
[WhiteElo "2137"]
[BlackElo "2502"]
[WhiteTeam "Egypt"]
[BlackTeam "Team MGD1"]
[WhiteFideId "10609970"]
[BlackFideId "5015197"]
[EventDate "2024.08.05"]

1. e4 e6 2. d4 d5 3. Nc3 Bb4 4. Ne2 Nc6 5. a3 Ba5 6. b4 Bb6 7. exd5 exd5 8. g3
Bg4 9. Bg2 Nge7 10. h3 Bh5 11. g4 Bg6 12. O-O O-O 13. Be3 f6 14. Nf4 Bf7 15. Rb1
Qd7 16. a4 a5 17. b5 Nd8 18. Nd3 Bg6 19. Nc5 Bxc5 20. dxc5 c6 21. bxc6 bxc6 22.
Rb6 Ne6 23. Ne2 Ra7 24. Qd2 f5 25. Rfb1 Qc7 26. Nf4 Qd7 27. Nxe6 Qxe6 28. g5 f4
29. Bxf4 Qf5 30. Bd6 Qxc2 31. Qxc2 Bxc2 32. Ra1 Rc8 33. Ra2 Bd3 34. Rd2 Bc4 35.
Rdb2 Nf5 36. Rb8 Rxb8 37. Rxb8+ Kf7 38. Be5 Re7 39. f4 Ne3 40. Ra8 Rb7 41. Rxa5 0-1

[Event "FIDE World Bl Team Pool B"]
[Site "Almaty KAZ"]
[Date "2024.08.05"]
[Round "6.10"]
[White "Pranav, V"]
[Black "Mamedov, Edgar"]
[Result "1/2-1/2"]
[WhiteTitle "GM"]
[BlackTitle "FM"]
[WhiteElo "2598"]
[BlackElo "2443"]
[WhiteTeam "Team MGD1"]
[BlackTeam "Teniz Kazakhstan"]
[WhiteFideId "25060783"]
[BlackFideId "13739980"]
[EventDate "2024.08.05"]

1. e4 c5 2. Nf3 Nc6 3. Bb5 e6 4. Bxc6 bxc6 5. b3 Ne7 6. Bb2 d6 7. d3 e5 8. Nh4
Be6 9. Nd2 g5 10. Nhf3 Ng6 11. g3 g4 12. Ng1 h5 13. h4 gxh3 14. Nxh3 h4 15. g4
Bh6 16. Qe2 Nf4 17. Nxf4 Bxf4 18. O-O-O Qa5 19. Kb1 O-O-O 20. f3 h3 21. Nf1 f6
22. Bc1 Qc3 23. Bd2 Bxd2 24. Qxd2 Qb4 25. Ne3 Rh7 26. Rh2 d5 27. Qxb4 cxb4 28.
Rdh1 Rdh8 29. Nd1 Kd7 30. Nf2 Kd6 31. Kc1 Kc5 32. Kd2 a5 33. Ra1 a4 34. bxa4 Ra7
35. a3 Rxa4 36. axb4+ Rxb4 37. Rah1 Rb2 38. Nd1 Rb7 39. Rxh3 Ra8 40. Rh6 Rf7 41.
g5 Rg8 42. g6 Rfg7 43. Rg1 Kd6 44. Ne3 d4 45. Nf5+ Bxf5 46. exf5 Ke7 47. Ra1 Kd6
48. Ra6 Kd5 49. Rh1 Rb7 50. Rha1 Rh8 51. Re1 Rh5 52. Rg1 Rg7 53. f4 Rxf5 54.
fxe5 fxe5 55. Ra8 Rf6 56. Re8 Rgf7 57. Rd8+ 1/2-1/2